Fr. Conceicao Rodrigues College of Engineering

Basic thermodynamics (Record no. 33762)

MARC details
000 -LEADER
fixed length control field 00385nam a2200169Ia 4500
082 ## - DEWEY DECIMAL CLASSIFICATION NUMBER
Classification number 621.4021
Item number NAG
100 ## - MAIN ENTRY--PERSONAL NAME
Personal name Nagaraj/P.B/ Venkatesh/D
245 ## - TITLE STATEMENT
Title Basic thermodynamics
260 ## - PUBLICATION, DISTRIBUTION, ETC.
Name of publisher, distributor, etc. New Age Interational Ltd.
Date of publication, distribution, etc. 2005
366 ## - TRADE AVAILABILITY INFORMATION
Publishers's discount category 23
300 ## - PHYSICAL DESCRIPTION
Extent 330
546 ## - LANGUAGE NOTE
Language note ENGLISH
-- Info.Tech
650 ## - SUBJECT ADDED ENTRY--TOPICAL TERM
Topical term or geographic name entry element Thermodynamics
654 ## - SUBJECT ADDED ENTRY--FACETED TOPICAL TERMS
Focus term thermodynamics
942 ## - ADDED ENTRY ELEMENTS (KOHA)
Koha item type BOOK
Holdings
Withdrawn status Lost status Damaged status Not for loan Collection Home library Current library Date acquired Source of acquisition Cost, normal purchase price Inventory number Total Checkouts Full call number Barcode Date last seen Cost, replacement price Price effective from Koha item type
        CRC Fr. Agnel's C.Rodrigues College of Engineering Fr. Agnel's C.Rodrigues College of Engineering 17/03/2023 Book Base 115.50 12535 dt 14.10.2013   621.4021 NAG 22986 17/03/2023 150.00   BOOK